000 01255nam a2200217 a 4500
001 54481
005 20180714045328.0
008 140415s2009 ir 000 0 spa d
020 _a9789645817716
041 _aspa
082 _a155.232
_bLAR
100 1 _aLARI, SAYYID MUJTABA MUSAVI
245 1 0 _aJUVENTUD Y MORAL :
_bUN ESTUDIO DE PROBLEMAS MORALES Y PSICOLOGICOS DE LOS JOVENES
250 _a1a ed.
260 _aIRAN :
_bFUNDATION OF ISLAMIC CULTURAL PROPAGATION IN THE WORL,
_c2009
300 _a380
_c14.5 x 1 x 21.4
520 _aHOY EN DIA OBSEVAMOS QUE MUCHAS NACIONES Y PERSONAS, VIVEN APARENTEMENTE EN CONDICIONES SEGURAS, AUNQUE SOMOS TESTIGOS DE COMO CIERTOS GRUPOS O INDIVIDUOS DE ENTRE ELLOS SOBRESALIERON Y TOMARON LA DELANTERA DE LA CIVILIZACION. ENTRE ESTORS GRUPOS ESTAN AQUELLOS QUE DEJARON DE REFLEXIONAR Y ADOPTARON EL HABITO DE DENOMINAR A TODO SUCESO EN SUS VIDAS COMO SUERTE, SIENDO ASI QUE CUANDO ESTOS GRUPOS AFRONTARON CUALQUIER SITUACION QUE REQUIRIESE UNA REFLEXION, SIMPLEMENDE DIJERON: ĄQUE EXT
650 1 4 _aMORAL ISLAMICA
_xMORAL
_xHUMANA
_xPSICOLOGIA DEL ADOLESCENTE
700 1 _aCHINCHILLA C. MAHDI
_etr.
740 _aJUVENTUD Y MORALUM STUDIO DE PROBLEMS MORALS Y PSICOLOGICOS DE LOS JOVENES
999 _c54481
_d54481